000 00690nam a22002057a 4500
003 1
005 20220302130133.0
008 220302b xxu||||| |||| 00| 0 eng d
020 _a978-1-4166-2837-8
050 _aLB1072
_b.H64 2020
100 _aHoerr, Thomas R.
_d1945-
245 _aTaking social emotional learning schoolwide:
_bthe formative five success skills for students and staff/
_cThomas R. Hoerr
260 _aAlexandria, Virginia:
_bASCD
_cc2020
300 _a195 pp.
_c23 cm.
_eIncludes bibliographical references and index
500 _aAffective education.
500 _aSocial learning.
500 _aSchool environment.
500 _aSocial aspects.
942 _2lcc
_cBK
999 _c364697
_d364697